Development economics (Record no. 1145)

MARC details
000 -LEADER
fixed length control field 00517cam a2200205ua 4500
008 - FIXED-LENGTH DATA ELEMENTS--GENERAL INFORMATION
fixed length control field 110621n ii |||gr||||Z||||||eng
020 ## - INTERNATIONAL STANDARD BOOK NUMBER
International Standard Book Number 978-0-19-564900-0
020 ## - INTERNATIONAL STANDARD BOOK NUMBER
International Standard Book Number 0-19-564900-1
040 ## - CATALOGING SOURCE
Transcribing agency MAIN
082 ## - DEWEY DECIMAL CLASSIFICATION NUMBER
Classification number 338.9
245 10 - TITLE STATEMENT
Title Development economics
Statement of responsibility, etc. by Debraj Ray
250 ## - EDITION STATEMENT
Edition statement 1oth imp.
260 ## - PUBLICATION, DISTRIBUTION, ETC.
Place of publication, distribution, etc. New Delhi:
Name of publisher, distributor, etc. Oxford,
Date of publication, distribution, etc. 2006.
300 ## - PHYSICAL DESCRIPTION
Extent xvii, 848p.:
Other physical details ill.;
Dimensions 40cm.
700 1# - ADDED ENTRY--PERSONAL NAME
Personal name Ray, Debraj,
942 ## - ADDED ENTRY ELEMENTS (KOHA)
Koha item type Books
653 ## - INDEX TERM--UNCONTROLLED
Uncontrolled term Economics
653 ## - INDEX TERM--UNCONTROLLED
Uncontrolled term Economic development and planning
Holdings
Withdrawn status Lost status Damaged status Not for loan Home library Current library Shelving location Date acquired Total Checkouts Full call number Barcode Date last seen Date last checked out Copy number Price effective from Koha item type
        Central Library, Naharkatiya College Central Library, Naharkatiya College   19/09/2020 3 338.9 | RAY 16385 06/02/2023 28/01/2023 1 19/09/2020 Books

Naharkatiya College © 2020. All rights reserved.

Powered By